| 000 | 00442nam a2200181Ia 4500 | ||
|---|---|---|---|
| 001 | 18094 | ||
| 005 | 20260306171605.0 | ||
| 008 | 260306s9999||||xx |||||||||||||| ||und|| | ||
| 041 | _aESP | ||
| 082 |
_a658.4012 _bA67 |
||
| 100 |
_aArbaiza Fermini, Lydia _eAUT |
||
| 245 | 0 |
_aGerencia estratégica: _bteoría y casos |
|
| 260 | _c2020 | ||
| 300 |
_a235 páginas : _c25 cm. |
||
| 650 | _aGEN | ||
| 654 | _aCAN | ||
| 942 |
_cLIB _dJUS _fJUS _2ddc _n |
||
| 999 |
_c18094 _d18094 |
||